IFM Opac

Tax Strategy For Companies (Record no. 17876)

MARC details
000 -LEADER
fixed length control field 00370nam a22001457a 4500
082 ## - DEWEY DECIMAL CLASSIFICATION NUMBER
Classification number 343.410 67 HEP
100 ## - MAIN ENTRY--PERSONAL NAME
Personal name Hepker,Z.M.
245 ## - TITLE STATEMENT
Title Tax Strategy For Companies
260 ## - PUBLICATION, DISTRIBUTION, ETC.
Place of publication, distribution, etc. London
Name of publisher, distributor, etc. Oyez Publishing
Date of publication, distribution, etc. 1975
300 ## - PHYSICAL DESCRIPTION
Extent xx,190p.
Other physical details ill,;21cm
500 ## - GENERAL NOTE
General note includes;glossary, index
650 ## - SUBJECT ADDED ENTRY--TOPICAL TERM
Topical term or geographic name entry element Tax Strategy For Companies
700 ## - ADDED ENTRY--PERSONAL NAME
Personal name Ll.B.,Ll.M.
942 ## - ADDED ENTRY ELEMENTS (KOHA)
Koha item type Books
Holdings
Withdrawn status Lost status Source of classification or shelving scheme Damaged status Not for loan Home library Current library Shelving location Date acquired Full call number Barcode Date last seen Price effective from Koha item type
    Dewey Decimal Classification     IFM Main Campus Library IFM Main Campus Library   08/09/2017 343.410 67 HEP 0000008526 08/09/2017 08/09/2017 Books